| 000 | 00498nam a2200169Ia 4500 | ||
|---|---|---|---|
| 999 |
_c23408 _d23408 |
||
| 003 | OSt | ||
| 005 | 20200319095344.0 | ||
| 008 | 190216s9999||||xx |||||||||||||| ||und|| | ||
| 020 | _a9789380081267 | ||
| 040 | _coclc | ||
| 082 |
_a954.830088297 _bQAD/P |
||
| 100 |
_aQadiri, Shamsullah _92061 |
||
| 245 | 0 |
_aPracheena Malabar / _cShamsullah Qadiri |
|
| 260 |
_bOther Books, _c2012. _aCalicut: |
||
| 300 | _a79p | ||
| 942 |
_cBK _2ddc _h954.830088297 _iQAD/P _k954.830088297 _mQAD/P |
||